| 000 | 00962cam a2200325 i 4500 | ||
|---|---|---|---|
| 999 |
_c200451722 _d69934 |
||
| 003 | TR-AnTOB | ||
| 005 | 20230720093115.0 | ||
| 007 | ta | ||
| 008 | 220831s2011 tu 000 0 tur d | ||
| 020 |
_a9789944927468 _q(paperback) |
||
| 040 |
_aTVK _beng _erda _cTVK _dTR-AnTOB |
||
| 041 | 0 | _atur | |
| 050 | 4 |
_aHC415.16 _b.T39 2011 |
|
| 090 |
_aHC415.16 _b.T39 2011 |
||
| 100 | 1 |
_aTaymaz, Erol _eauthor _9113743 |
|
| 245 | 1 | 0 |
_aKafkasya’da ekonomik dönüşüm ve kalkınma / _cErol Taymaz. |
| 264 | 1 |
_aAnkara : _bTEPAV Yayınları, _c2011. |
|
| 300 |
_a45 pages : _btables ; _c24 cm |
||
| 336 |
_atext _btxt _2rdacontent |
||
| 337 |
_aunmediated _bn _2rdamedia |
||
| 338 |
_avolume _bnc _2rdacarrier |
||
| 490 | 0 |
_aTEPAV Yayınları ; _vNo : 55 |
|
| 504 | _aBIB | ||
| 651 | 0 |
_aKafkasya _xEkonomik durum _957803 |
|
| 653 | 5 | _aKafkasya | |
| 653 | 0 | _aEkonomik kalkınma | |
| 653 | 0 | _aEkonomik dönüşüm | |
| 942 |
_2lcc _cBK |
||